[Event "ch-RUS Blitz 2017"]
[Site "Sochi RUS"]
[Date "2017.10.02"]
[Round "11.24"]
[White "Murzin, Volodar"]
[Black "Korchmar, Vasiliy"]
[Result "0-1"]
[WhiteTitle "FM"]
[BlackTitle "IM"]
[WhiteElo "2280"]
[BlackElo "2399"]
[WhiteFideId "44155573"]
[BlackFideId "24131750"]
[EventDate "2017.10.02"]
[EventType "blitz"]

1. Nf3 d5 2. g3 g6 3. Bg2 Bg7 4. O-O e5 5. d3 Ne7 6. c4 c6 7. Nc3 O-O 8. Bg5 f6
9. Bd2 Be6 10. cxd5 cxd5 11. Rc1 Nbc6 12. a3 Qd7 13. Na4 b6 14. Nc3 h6 15. e3 f5
16. Re1 Kh7 17. d4 e4 18. Ne5 Nxe5 19. dxe5 Bxe5 20. Rb1 Nc6 21. Ne2 d4 22. exd4
Nxd4 23. Nxd4 Bxd4 24. Qe2 Rac8 25. Red1 Qg7 26. Bf4 Bc4 27. Qe1 Bd3 28. Rbc1
Bxb2 29. Rxc8 Rxc8 30. Bf1 Rd8 31. Bxd3 Rxd3 32. Rb1 Bxa3 33. h4 Bc5 34. Qe2 a5
35. Kg2 a4 36. g4 a3 37. Kh2 Rf3 38. Bg3 f4 39. Ra1 0-1

[Event "ch-RUS Blitz 2017"]
[Site "Sochi RUS"]
[Date "2017.10.02"]
[Round "11.25"]
[White "Stambulian, Arsen"]
[Black "Smagin, Sergey"]
[Result "1/2-1/2"]
[WhiteTitle "IM"]
[BlackTitle "GM"]
[WhiteElo "2362"]
[BlackElo "2551"]
[WhiteFideId "13300296"]
[BlackFideId "4100425"]
[EventDate "2017.10.02"]
[EventType "blitz"]

1. e4 d5 2. exd5 Nf6 3. d4 Nxd5 4. c4 Nb6 5. Be3 e5 6. Nf3 exd4 7. Qxd4 Qxd4 8.
Nxd4 Bd7 9. Nc3 Nc6 10. O-O-O O-O-O 11. Be2 Bc5 12. Nc2 Bxe3+ 13. Nxe3 Be6 14.
Ned5 Bxd5 15. cxd5 Ne7 16. Bf3 Ng6 17. Rhe1 Rhe8 18. g3 Rxe1 19. Rxe1 Nc4 20.
Bg4+ Kb8 21. f4 a6 22. Bf5 Nd6 23. Bc2 Re8 24. Rxe8+ Nxe8 25. h4 Nd6 26. h5 Nf8
27. Ne4 Nxe4 28. Bxe4 Kc8 29. Kd2 Kd7 30. Kd3 Kd6 31. Kd4 Nd7 32. Bxh7 Nf6 33.
Bf5 Nxh5 34. Bc8 b6 35. Bxa6 Nxg3 36. Bd3 Nh5 37. f5 Nf6 38. Bc4 g5 39. fxg6
fxg6 40. a4 g5 41. b4 Nd7 42. a5 c5+ 43. dxc6 Kxc6 44. b5+ Kb7 45. a6+ Kb8 46.
Be6 Nc5 47. Bg4 Ka7 48. Kd5 Nxa6 49. bxa6 Kxa6 50. Kc4 1/2-1/2

[Event "ch-RUS Blitz 2017"]
[Site "Sochi RUS"]
[Date "2017.10.02"]
[Round "11.26"]
[White "Murtazin, Ruslan"]
[Black "Inarkiev, Ernesto"]
[Result "0-1"]
[WhiteTitle "FM"]
[BlackTitle "GM"]
[WhiteElo "2364"]
[BlackElo "2694"]
[WhiteFideId "24175960"]
[BlackFideId "4162722"]
[EventDate "2017.10.02"]
[EventType "blitz"]

1. e4 e5 2. Nf3 Nc6 3. d4 exd4 4. Nxd4 Bc5 5. Nb3 Bb6 6. Nc3 Nf6 7. Qe2 d6 8.
Bg5 h6 9. Be3 Qe7 10. f3 Bxe3 11. Qxe3 d5 12. O-O-O dxe4 13. Bb5 exf3 14. Bxc6+
bxc6 15. Qxf3 O-O 16. Rhe1 Qb4 17. Rd4 Qb6 18. Rf4 Nd5 19. Nxd5 cxd5 20. Qxd5
Be6 21. Qc5 Bxb3 22. Qxb6 axb6 23. cxb3 Rxa2 24. Kc2 Ra5 25. Re7 Rc5+ 26. Kb1 g5
27. Rf3 Kg7 28. b4 Rc4 29. Ka2 b5 30. Kb3 Kg6 31. Rd3 Ra8 32. Rdd7 Ra4 33. Rxc7
Raxb4+ 34. Ka2 Rxc7 35. Rxc7 Re4 36. Rb7 Re2 37. g4 Rxh2 38. Rxb5 Rg2 39. Rb6+
f6 40. Rb4 h5 41. gxh5+ Kxh5 42. Ka3 f5 43. Rb8 f4 44. b4 f3 45. Rf8 Kg4 46. b5
Rg1 47. b6 Rb1 0-1

[Event "ch-RUS Blitz 2017"]
[Site "Sochi RUS"]
[Date "2017.10.02"]
[Round "11.27"]
[White "Sarana, Alexey"]
[Black "Vastrukhin, Oleg"]
[Result "1-0"]
[WhiteTitle "GM"]
[WhiteElo "2541"]
[BlackElo "2386"]
[WhiteFideId "24133795"]
[BlackFideId "4192770"]
[EventDate "2017.10.02"]
[EventType "blitz"]

1. e4 e6 2. d4 d5 3. Nc3 Bb4 4. exd5 exd5 5. Bd3 Ne7 6. Ne2 Nbc6 7. a3 Bd6 8.
O-O Bg4 9. f3 Bh5 10. Bf4 Bg6 11. Qd2 O-O 12. Bxg6 hxg6 13. Ng3 Qd7 14. Nb5 Bxf4
15. Qxf4 a6 16. Nc3 Nd8 17. Rfe1 Ne6 18. Qd2 Qd6 19. Na4 b5 20. Nc3 Qb6 21. Nce2
a5 22. c3 b4 23. axb4 axb4 24. Nf1 b3 25. Ne3 c5 26. dxc5 Qxc5 27. Rad1 Ra2 28.
Nc1 Rfa8 29. Nxa2 bxa2 30. b4 Qb6 31. Ra1 Nf5 32. Qf2 Nxe3 33. Rxe3 Ra3 34. Re2
Qc7 35. Raxa2 Rxc3 36. b5 d4 37. Re1 Qc5 38. Rb2 Qb6 39. Ra1 g5 40. h3 Nf4 41.
Ra6 Qb8 42. Qf1 d3 43. b6 Rc2 44. Raa2 Rxb2 45. Rxb2 f5 46. b7 Kh7 47. Qa1 d2
48. Rxd2 Qxb7 49. Qd4 Qf7 50. Kh2 Qc7 51. Qd6 Qf7 52. Qe5 Ng6 53. Qd5 Qc7+ 54.
Qd6 Qf7 55. Qg3 Qe7 56. Rd5 Qf6 57. Rd6 Qe7 58. Rc6 Nf4 59. Rc2 Ng6 60. Qc7 Qe3
61. Qd6 Nf4 62. Qc5 Qd3 63. Rc3 Qb1 64. Rc2 g6 65. Qe7+ Kh6 66. Qf8+ 1-0

[Event "ch-RUS Blitz 2017"]
[Site "Sochi RUS"]
[Date "2017.10.02"]
[Round "11.28"]
[White "Lugovskoy, Maxim"]
[Black "Tekeyev, Zaur"]
[Result "1-0"]
[WhiteTitle "GM"]
[BlackTitle "FM"]
[WhiteElo "2474"]
[BlackElo "2380"]
[WhiteFideId "24126454"]
[BlackFideId "4199731"]
[EventDate "2017.10.02"]
[EventType "blitz"]

1. d4 Nf6 2. Nc3 d5 3. Bf4 c5 4. e3 cxd4 5. exd4 a6 6. Nf3 Bg4 7. h3 Bxf3 8.
Qxf3 Nc6 9. Be3 g6 10. Bd3 Bg7 11. Ne2 Nb4 12. O-O Rc8 13. Rfc1 Nxd3 14. cxd3
O-O 15. Nc3 Qd7 16. Re1 e6 17. Bf4 b5 18. a3 Ne8 19. Be5 Nd6 20. g4 f6 21. Bg3
f5 22. Nxd5 Bxd4 23. Nf4 Rce8 24. Nxe6 Rxe6 25. Qd5 Qf7 26. Rxe6 fxg4 27. Rxd6 1-0

[Event "ch-RUS Blitz 2017"]
[Site "Sochi RUS"]
[Date "2017.10.02"]
[Round "12.1"]
[White "Artemiev, Vladislav"]
[Black "Khismatullin, Denis"]
[Result "1-0"]
[WhiteTitle "GM"]
[BlackTitle "GM"]
[WhiteElo "2692"]
[BlackElo "2628"]
[WhiteFideId "24101605"]
[BlackFideId "4142578"]
[EventDate "2017.10.02"]
[EventType "blitz"]

1. e4 e5 2. Nf3 Nf6 3. Nc3 Nc6 4. Bb5 Bb4 5. O-O O-O 6. d3 d6 7. Ne2 Ne7 8. c3
Ba5 9. Ng3 Ng6 10. d4 c6 11. Bd3 Re8 12. Be3 Bb6 13. Re1 Be6 14. Qc2 Bg4 15. Be2
h6 16. h3 Be6 17. Rad1 Qc7 18. Bf1 Rad8 19. Rd2 d5 20. dxe5 Nxe5 21. Nxe5 Qxe5
22. Bd4 Qf4 23. e5 Nd7 24. Bxb6 axb6 25. Rd4 Qg5 26. h4 Qe7 27. Rf4 f6 28. exf6
Nxf6 29. Rf3 Qd6 30. Qg6 Bf7 31. Rxe8+ Bxe8 32. Qd3 Bd7 33. Nf5 Bxf5 34. Qxf5
Re8 35. g3 Qe5 36. Qc2 Qe1 37. Kg2 Ne4 38. Re3 Qa1 39. Bd3 Qxa2 40. c4 Nf6 41.
Rxe8+ Nxe8 42. Qe2 Kf7 43. h5 Nd6 44. Qe5 Nxc4 45. Bg6+ 1-0

[Event "ch-RUS Blitz 2017"]
[Site "Sochi RUS"]
[Date "2017.10.02"]
[Round "12.2"]
[White "Savchenko, Boris"]
[Black "Andreikin, Dmitry"]
[Result "1-0"]
[WhiteTitle "GM"]
[BlackTitle "GM"]
[WhiteElo "2581"]
[BlackElo "2708"]
[WhiteFideId "4147332"]
[BlackFideId "4158814"]
[EventDate "2017.10.02"]
[EventType "blitz"]

1. e4 c6 2. d4 d5 3. Nc3 dxe4 4. Nxe4 Nd7 5. Ng5 Ngf6 6. Bd3 e6 7. N1f3 Bd6 8.
Qe2 h6 9. Ne4 Nxe4 10. Qxe4 Qc7 11. O-O b6 12. Qg4 Kf8 13. b3 Bb7 14. Re1 c5 15.
dxc5 Qxc5 16. Bb2 Nf6 17. Qh3 Qh5 18. Qxh5 Nxh5 19. Ne5 Nf6 20. Rad1 Rd8 21. Bg6
fxg6 22. Ba3 Kg8 23. Nxg6 Bc7 24. Rxd8+ Bxd8 25. Rd1 Bc7 26. Nxh8 Kxh8 27. Bd6
Bxd6 28. Rxd6 Be4 29. Rxe6 Bxc2 30. Re7 a5 31. Re6 Bb1 32. a4 Nd5 33. Rd6 Nc3
34. Rxb6 Bc2 35. Rc6 Ne2+ 36. Kf1 Nd4 37. Rc5 Bd3+ 38. Ke1 Nxb3 39. Rc3 1-0

[Event "ch-RUS Blitz 2017"]
[Site "Sochi RUS"]
[Date "2017.10.02"]
[Round "12.3"]
[White "Tsydypov, Zhamsaran"]
[Black "Pridorozhni, Aleksei"]
[Result "1-0"]
[WhiteTitle "IM"]
[BlackTitle "GM"]
[WhiteElo "2529"]
[BlackElo "2565"]
[WhiteFideId "4108566"]
[BlackFideId "4127870"]
[EventDate "2017.10.02"]
[EventType "blitz"]

1. e4 e5 2. Nf3 Nc6 3. Bc4 Bc5 4. d3 Nf6 5. Bb3 d6 6. c3 Bb6 7. Nbd2 Ne7 8. Nf1
Ng6 9. Ng3 O-O 10. O-O h6 11. h3 Re8 12. Nh2 d5 13. exd5 Nxd5 14. Qf3 Be6 15.
Re1 c6 16. Ng4 Qd6 17. Nf5 Bxf5 18. Qxf5 Re7 19. Bd2 Rae8 20. Rad1 Qd7 21. Qf3
Kh8 22. Qg3 Qf5 23. Bc4 Ndf4 24. Be3 Bc7 25. Bc5 Rd7 26. Ne3 Qf6 27. Qg4 Rdd8
28. a4 b6 29. Ba3 h5 30. Qf3 Nh4 31. Qe4 Qg5 32. Qxc6 f5 33. Qxc7 Nfxg2 34. Be7
Rxe7 35. Qxd8+ Kh7 36. Bg8+ Kh6 37. Kf1 Nxe3+ 38. Rxe3 Qg2+ 39. Ke2 f4 40. Qxe7
fxe3 41. Qxh4 g5 42. Qg3 1-0

[Event "ch-RUS Blitz 2017"]
[Site "Sochi RUS"]
[Date "2017.10.02"]
[Round "12.4"]
[White "Grachev, Boris"]
[Black "Tomashevsky, Evgeny"]
[Result "1/2-1/2"]
[WhiteTitle "GM"]
[BlackTitle "GM"]
[WhiteElo "2654"]
[BlackElo "2710"]
[WhiteFideId "4129199"]
[BlackFideId "4147235"]
[EventDate "2017.10.02"]
[EventType "blitz"]

1. d4 d5 2. Bf4 Nf6 3. e3 c5 4. c3 Nc6 5. Nd2 Bg4 6. Be2 Bxe2 7. Qxe2 e6 8. Ngf3
Be7 9. h3 O-O 10. O-O Rc8 11. Ne5 Qb6 12. Rab1 Rfd8 13. Rfd1 Nxe5 14. Bxe5 Nd7
15. Bg3 Bd6 16. Bxd6 Qxd6 17. Nf3 Qb6 18. a3 h6 19. Rbc1 1/2-1/2

[Event "ch-RUS Blitz 2017"]
[Site "Sochi RUS"]
[Date "2017.10.02"]
[Round "12.5"]
[White "Jakovenko, Dmitry"]
[Black "Morozevich, Alexander"]
[Result "1/2-1/2"]
[WhiteTitle "GM"]
[BlackTitle "GM"]
[WhiteElo "2710"]
[BlackElo "2676"]
[WhiteFideId "4122356"]
[BlackFideId "4116992"]
[EventDate "2017.10.02"]
[EventType "blitz"]

1. e4 c5 2. Nf3 e6 3. d4 cxd4 4. Nxd4 Nc6 5. Nc3 Qc7 6. Be2 a6 7. O-O Bc5 8. Be3
d6 9. Qd2 Nf6 10. Rad1 Bd7 11. Nb3 Bxe3 12. Qxe3 O-O 13. Qg3 Ne8 14. f4 b5 15.
Bd3 b4 16. Ne2 e5 17. Nd2 Na5 18. b3 Bb5 19. Nf3 Nc6 20. Nh4 Ne7 21. Kh1 Rc8 22.
Nf3 Ng6 23. Nd2 Nf6 24. Qe3 Rfe8 25. f5 Nf8 26. Nc4 d5 27. Nd2 N8d7 28. exd5
Nxd5 29. Qg3 N7f6 30. Ne4 Nxe4 31. Bxe4 Nf6 32. Bd3 Bxd3 33. cxd3 Qc2 34. Qe3
Qxa2 35. Nc1 Qb2 36. h3 Rc2 37. Qf3 h6 38. Rfe1 Rec8 39. Ne2 Qxb3 40. Ra1 Rd2
41. Rxa6 Rxd3 42. Qb7 Rcd8 43. Rb6 Rd1 44. Rxd1 Qxd1+ 45. Ng1 Nd5 46. Rb5 e4 47.
Rc5 Qd4 48. Rc8 Rxc8 49. Qxc8+ Kh7 50. Qe8 Ne3 51. Qxf7 Qf6 52. Qb7 Qxf5 53.
Qxb4 Qf4 54. Qd2 Qg3 55. Qe2 g6 56. Qd2 h5 57. Qb2 Nf5 58. Qb7+ Kh6 59. Qxe4 1/2-1/2

[Event "ch-RUS Blitz 2017"]
[Site "Sochi RUS"]
[Date "2017.10.02"]
[Round "12.6"]
[White "Alekseenko, Kirill"]
[Black "Sjugirov, Sanan"]
[Result "0-1"]
[WhiteTitle "GM"]
[BlackTitle "GM"]
[WhiteElo "2563"]
[BlackElo "2650"]
[WhiteFideId "4135539"]
[BlackFideId "4189302"]
[EventDate "2017.10.02"]
[EventType "blitz"]

1. d4 Nf6 2. Nc3 d5 3. Bf4 a6 4. e3 e6 5. g4 h6 6. h4 c5 7. Qf3 Nc6 8. O-O-O Qa5
9. Kb1 Nd7 10. g5 cxd4 11. exd4 hxg5 12. hxg5 Rxh1 13. Qxh1 g6 14. Nf3 b5 15.
Bd3 Bb7 16. Qh7 Bb4 17. Ne2 Nf8 18. Qg7 Be7 19. Ne5 Nxe5 20. Bxe5 Bxg5 21. Bd6
Be7 22. Bxe7 Kxe7 23. Nf4 Qc7 24. Nxg6+ Nxg6 25. Bxg6 Qf4 26. Bd3 b4 27. Re1 a5
28. a3 bxa3 29. bxa3 Bc6 30. Ka2 Rb8 31. Rg1 Bb5 32. Rb1 Bc4+ 33. Bxc4 Rxb1 34.
Kxb1 dxc4 35. Qe5 Qxe5 36. dxe5 Kd7 37. Kb2 Kc6 38. Kc3 Kc5 39. f4 a4 40. Kd2
Kd4 41. Ke2 Ke4 42. Kd2 Kxf4 43. Kc3 Kxe5 44. Kxc4 Ke4 45. Kb4 f5 46. c4 f4 47.
c5 Kd5 48. Kb5 f3 49. c6 f2 0-1

[Event "ch-RUS Blitz 2017"]
[Site "Sochi RUS"]
[Date "2017.10.02"]
[Round "12.7"]
[White "Potkin, Vladimir"]
[Black "Alekseev, Evgeny"]
[Result "0-1"]
[WhiteTitle "GM"]
[BlackTitle "GM"]
[WhiteElo "2574"]
[BlackElo "2622"]
[WhiteFideId "4131061"]
[BlackFideId "4138147"]
[EventDate "2017.10.02"]
[EventType "blitz"]

1. c4 e6 2. Nc3 b6 3. e4 Bb7 4. Nf3 Nf6 5. Bd3 d6 6. Bc2 c5 7. d4 cxd4 8. Nxd4
a6 9. O-O Be7 10. b3 O-O 11. Bb2 Nc6 12. f4 Nxd4 13. Qxd4 d5 14. Qe5 d4 15. Rad1
Nd7 16. Qh5 dxc3 17. Bxc3 Qc8 18. Kh1 Nf6 19. Bxf6 Bxf6 20. e5 g6 21. Qe2 Be7
22. f5 gxf5 23. Rd3 Kh8 24. Rh3 Rg8 25. Rf2 Rg7 0-1

[Event "ch-RUS Blitz 2017"]
[Site "Sochi RUS"]
[Date "2017.10.02"]
[Round "12.8"]
[White "Zvjaginsev, Vadim"]
[Black "Usmanov, Vasily"]
[Result "1/2-1/2"]
[WhiteTitle "GM"]
[BlackTitle "IM"]
[WhiteElo "2643"]
[BlackElo "2459"]
[WhiteFideId "4113403"]
[BlackFideId "4135741"]
[EventDate "2017.10.02"]
[EventType "blitz"]

1. e4 e6 2. Qe2 Nc6 3. Nf3 e5 4. g3 d6 5. Bg2 g6 6. O-O Bg7 7. c3 Nge7 8. b4 a6
9. a4 O-O 10. d3 h6 11. Bb2 Be6 12. Nbd2 Qd7 13. b5 Na5 14. c4 axb5 15. axb5 b6
16. d4 exd4 17. Bxd4 Nb7 18. Bxg7 Kxg7 19. Qe3 Nc5 20. Qd4+ f6 21. Rfe1 g5 22.
h4 g4 23. Nh2 Ng6 24. Nhf1 Ne5 25. Ne3 h5 26. Qc3 Qf7 27. Bf1 f5 28. Rxa8 Rxa8
29. exf5 Bxf5 30. Ng2 Ra2 31. Rxe5 dxe5 32. Qxe5+ Qf6 33. Qxc7+ Bd7 34. Ne4 Nxe4
35. Qxd7+ Kh6 36. Nf4 Nxf2 37. Qd5 Nh3+ 38. Bxh3 gxh3 39. Qxh5+ Kg7 40. Qg4+ Kh7
41. Qh5+ Kg7 42. Qg4+ Kf7 43. Qd7+ Kg8 44. Qg4+ Kf8 45. Qc8+ Kf7 46. Qd7+ Qe7
47. Qf5+ Kg8 48. Qg6+ Qg7 49. Qe8+ Kh7 50. Qh5+ Kg8 51. Qe8+ Kh7 52. Qh5+ Kg8 1/2-1/2

[Event "ch-RUS Blitz 2017"]
[Site "Sochi RUS"]
[Date "2017.10.02"]
[Round "12.9"]
[White "Fedoseev, Vladimir3"]
[Black "Demidov, Mikhail"]
[Result "0-1"]
[WhiteTitle "GM"]
[BlackTitle "IM"]
[WhiteElo "2731"]
[BlackElo "2521"]
[WhiteFideId "24130737"]
[BlackFideId "4197143"]
[EventDate "2017.10.02"]
[EventType "blitz"]

1. e4 e6 2. d4 d5 3. Nc3 Be7 4. Qf3 dxe4 5. Nxe4 Nf6 6. Be3 Nxe4 7. Qxe4 Qd5 8.
Qxd5 exd5 9. Bf4 c6 10. Bd3 Bg4 11. Ne2 O-O 12. Ng3 Re8 13. Kd2 Nd7 14. f3 Be6
15. Nf5 Bxf5 16. Bxf5 Nf8 17. Rae1 g6 18. Bd3 Ne6 19. Be3 Bg5 20. Bxg5 Nxg5 21.
a4 Kf8 22. a5 Ne6 23. c3 Nf4 24. Rxe8+ Kxe8 25. Bf1 b6 26. g3 Ne6 27. Be2 Kd7
28. Ra1 b5 29. h4 h5 30. Ke3 Re8 31. Kf2 Kd6 32. Bd3 Rb8 33. b4 Rh8 34. Re1 Rh7
35. Rh1 Rh8 36. g4 Rh7 37. Kg3 Rh8 38. Re1 Ng7 39. Re5 Rh7 40. g5 Rh8 41. f4 Rf8
42. f5 gxf5 43. Bxf5 f6 44. gxf6 Rxf6 45. Bh3 Ne6 46. Rxh5 Nf4 47. Re5 Nxh3 48.
Kxh3 Rf3+ 49. Kg4 Rxc3 50. h5 Rd3 51. Kg5 Rxd4 52. Re8 Rd1 53. h6 Rg1+ 54. Kf6
Rf1+ 55. Kg6 Rg1+ 56. Kf6 Rf1+ 57. Kg6 Rg1+ 58. Kf6 Rf1+ 59. Kg7 Rg1+ 60. Kh8 d4
61. Rd8+ Ke5 62. Rd7 a6 63. h7 Ke4 64. Rg7 Rh1 65. Rg6 d3 66. Kg7 d2 67. Rh6
Rxh6 68. Kxh6 Ke5 0-1

[Event "ch-RUS Blitz 2017"]
[Site "Sochi RUS"]
[Date "2017.10.02"]
[Round "12.10"]
[White "Bocharov, Dmitry"]
[Black "Dzhumagaliev, Yan"]
[Result "0-1"]
[WhiteTitle "GM"]
[BlackTitle "FM"]
[WhiteElo "2585"]
[BlackElo "2400"]
[WhiteFideId "4138716"]
[BlackFideId "24100110"]
[EventDate "2017.10.02"]
[EventType "blitz"]

1. d4 Nf6 2. c4 e6 3. Nf3 Bb4+ 4. Nbd2 b6 5. a3 Bxd2+ 6. Qxd2 Bb7 7. e3 a5 8. b3
O-O 9. Be2 d6 10. O-O Nbd7 11. Bb2 Qe7 12. Ne1 c5 13. Rd1 d5 14. Nf3 a4 15. bxa4
dxc4 16. Bxc4 Bxf3 17. gxf3 Rxa4 18. Bb5 Ra5 19. a4 Raa8 20. Kh1 Rfd8 21. Rg1
Nf8 22. Qc3 Qb7 23. d5 Ng6 24. Bc6 Qc8 25. e4 exd5 26. exd5 Ra7 27. Rde1 Qf5 28.
Qe3 h6 29. Qc3 Kh7 30. Re3 Rxd5 31. Bxd5 Qxd5 32. Qb3 Qc6 33. Qb5 Qxb5 34. axb5
Ra5 35. Bxf6 gxf6 36. Rb1 Ne5 37. f4 Nc4 38. Re7 Kg6 39. f5+ Kxf5 40. Rxf7 Ra2
41. Kg1 Nd2 42. Rd1 Nf3+ 43. Kg2 Nh4+ 44. Kg3 Ng6 45. Rb7 Ra3+ 46. f3 Ne5 47.
Rf1 Nc4 48. Rh7 Kg6 49. Rh8 Rb3 50. Rc1 Ne5 51. Rf1 Rxb5 52. f4 Rb3+ 53. Kg2 Nc4
54. Re1 Ne3+ 55. Kg1 Nd5 56. f5+ Kg5 57. Kh1 c4 58. Rg1+ Kxf5 59. Rxh6 Ke5 60.
Re1+ Ne3 61. Rh8 f5 62. Re8+ Kd4 63. h4 Ng4 64. Rd8+ Kc5 65. Rc8+ Kb4 66. Kg2
Ne3+ 67. Kf2 Ng4+ 68. Kg2 f4 69. Rf8 Rg3+ 70. Kf1 f3 71. Rb1+ Kc3 72. Rc1+ Kb3
73. Rb1+ Kc2 74. Rxb6 f2 75. Rxf2+ Nxf2 76. Kxf2 Rh3 77. Rh6 c3 78. h5 Kb1 79.
Rb6+ Kc1 80. Kg2 Rxh5 81. Kf3 Re5 0-1

[Event "ch-RUS Blitz 2017"]
[Site "Sochi RUS"]
[Date "2017.10.02"]
[Round "12.11"]
[White "Timofeev, Artyom"]
[Black "Potapov, Pavel"]
[Result "0-1"]
[WhiteTitle "GM"]
[BlackTitle "GM"]
[WhiteElo "2549"]
[BlackElo "2479"]
[WhiteFideId "4140419"]
[BlackFideId "4169786"]
[EventDate "2017.10.02"]
[EventType "blitz"]

1. e4 d5 2. exd5 Qxd5 3. Nc3 Qd6 4. Nf3 Nf6 5. g3 g6 6. Bg2 Bg7 7. O-O O-O 8. d3
e5 9. Re1 Re8 10. d4 exd4 11. Bf4 Qd8 12. Nb5 Na6 13. Rxe8+ Nxe8 14. Nbxd4 c6
15. Be5 Bg4 16. Qe1 Bxf3 17. Nxf3 Nc5 18. Rd1 Qe7 19. Bxg7 Qxe1+ 20. Nxe1 Kxg7
21. b4 Ne6 22. Rd7 Rd8 23. Rxb7 Rd1 24. Kf1 Nd4 25. Rd7 Nf6 26. Rd8 Ng4 27. Be4
Rd2 28. Nd3 Nxc2 29. Ra8 f5 30. Rxa7+ Kh6 31. Bxf5 gxf5 32. Nf4 Rxf2+ 33. Kg1
Nd4 0-1

[Event "ch-RUS Blitz 2017"]
[Site "Sochi RUS"]
[Date "2017.10.02"]
[Round "12.12"]
[White "Iljiushenok, Ilia"]
[Black "Popov, Ivan RUS"]
[Result "0-1"]
[WhiteTitle "IM"]
[BlackTitle "GM"]
[WhiteElo "2519"]
[BlackElo "2599"]
[WhiteFideId "24105074"]
[BlackFideId "4170350"]
[EventDate "2017.10.02"]
[EventType "blitz"]

1. e4 c6 2. d4 d5 3. e5 c5 4. dxc5 e6 5. a3 Bxc5 6. b4 Bb6 7. Bb2 Ne7 8. Nf3 a5
9. b5 a4 10. Bd3 Nd7 11. O-O Nc5 12. Bd4 Nxd3 13. Qxd3 Nf5 14. c3 Bd7 15. Nbd2
O-O 16. Rab1 Qc7 17. Rb4 Rfc8 18. Bxb6 Qxb6 19. Nd4 Nxd4 20. cxd4 Qc7 21. Rd1
Qc3 22. Nf1 Qxd3 23. Rxd3 Rc1 24. Rd2 Rac8 25. g3 Ra1 26. Rxa4 Rxf1+ 0-1

[Event "ch-RUS Blitz 2017"]
[Site "Sochi RUS"]
[Date "2017.10.02"]
[Round "12.13"]
[White "Moskalenko, Alexander"]
[Black "Selin, Vladimir"]
[Result "1-0"]
[WhiteTitle "IM"]
[WhiteElo "2531"]
[BlackElo "2322"]
[WhiteFideId "4155351"]
[BlackFideId "4168321"]
[EventDate "2017.10.02"]
[EventType "blitz"]

1. Nf3 d6 2. c4 g6 3. g3 Bg7 4. Bg2 e5 5. Nc3 Ne7 6. O-O O-O 7. d4 Nd7 8. dxe5
dxe5 9. Qc2 c6 10. Rd1 Qc7 11. b3 Nf5 12. Ne4 Nd4 13. Nxd4 exd4 14. Bf4 Qa5 15.
Rac1 f5 16. Nd6 Nc5 17. Bd2 Qc7 18. Nxc8 Raxc8 19. e3 Ne6 20. c5 Kh8 21. Qc4
Rfe8 22. exd4 Nxd4 23. Re1 Qd7 24. Be3 Ne6 25. Rcd1 Qf7 26. Bc1 Kg8 27. Bf1 Rcd8
28. Rxd8 1-0

[Event "ch-RUS Blitz 2017"]
[Site "Sochi RUS"]
[Date "2017.10.02"]
[Round "12.14"]
[White "Kozak, Alexander"]
[Black "Dubov, Daniil"]
[Result "0-1"]
[WhiteTitle "FM"]
[BlackTitle "GM"]
[WhiteElo "2315"]
[BlackElo "2666"]
[WhiteFideId "4135881"]
[BlackFideId "24126055"]
[EventDate "2017.10.02"]
[EventType "blitz"]

1. e4 g6 2. d4 Bg7 3. c3 d6 4. f4 Nf6 5. Bd3 e5 6. Nf3 Nc6 7. O-O O-O 8. fxe5
dxe5 9. d5 Ne7 10. c4 c6 11. Nc3 Nh5 12. Be3 Nf4 13. Nxe5 Nxg2 14. Kxg2 Bxe5 15.
Bh6 Nxd5 16. Nxd5 cxd5 17. Bxf8 Qh4 0-1

[Event "ch-RUS Blitz 2017"]
[Site "Sochi RUS"]
[Date "2017.10.02"]
[Round "12.15"]
[White "Korotylev, Alexey"]
[Black "Antonenko, Vladimir"]
[Result "1-0"]
[WhiteTitle "GM"]
[BlackTitle "FM"]
[WhiteElo "2573"]
[BlackElo "2330"]
[WhiteFideId "4119142"]
[BlackFideId "24159409"]
[EventDate "2017.10.02"]
[EventType "blitz"]

1. Nf3 Nf6 2. c4 e6 3. Nc3 d5 4. d4 dxc4 5. Qa4+ c6 6. Qxc4 b5 7. Qb3 a6 8. e4
Nbd7 9. e5 Nd5 10. Nxd5 cxd5 11. Bd3 Be7 12. O-O O-O 13. Bd2 f6 14. exf6 Rxf6
15. Rfe1 Nf8 16. Rac1 Bd7 17. Ne5 Be8 18. Bg5 Qb6 19. Bxf6 gxf6 20. Nf3 Rd8 21.
Bf1 Bd6 22. g3 Bf7 23. Re3 b4 24. Rec3 a5 25. Rc6 Qb7 26. Ra6 e5 27. Rxa5 e4 28.
Nh4 Be6 29. Qa4 Qb6 30. Rd1 f5 31. Bh3 f4 32. Bxe6+ Nxe6 33. Rxd5 e3 34. fxe3
fxg3 35. hxg3 Qb7 36. Qb3 Qf7 37. Nf5 Bf8 38. Rxd8 Qxf5 39. Rf1 1-0

[Event "ch-RUS Blitz 2017"]
[Site "Sochi RUS"]
[Date "2017.10.02"]
[Round "12.16"]
[White "Triapishko, Alexandr"]
[Black "Rakhmanov, Aleksandr"]
[Result "1/2-1/2"]
[WhiteTitle "IM"]
[BlackTitle "GM"]
[WhiteElo "2500"]
[BlackElo "2669"]
[WhiteFideId "14122286"]
[BlackFideId "4173708"]
[EventDate "2017.10.02"]
[EventType "blitz"]

1. d4 Nf6 2. Nc3 d5 3. Bf4 c6 4. e3 g6 5. h4 h5 6. Nf3 Bg7 7. Be2 Bf5 8. Ne5
Nbd7 9. O-O O-O 10. Na4 Nxe5 11. Bxe5 Nd7 12. Bxg7 Kxg7 13. c4 dxc4 14. Nc3 Bd3
15. Bxd3 cxd3 16. Qxd3 e5 17. g3 exd4 18. Qxd4+ Nf6 19. Rad1 Qxd4 20. Rxd4 Rfd8
21. Rfd1 Rxd4 22. Rxd4 Kf8 23. Rb4 Rb8 24. Ra4 Ra8 25. Rb4 Rb8 26. Ra4 Ra8 27.
Rb4 1/2-1/2

[Event "ch-RUS Blitz 2017"]
[Site "Sochi RUS"]
[Date "2017.10.02"]
[Round "12.17"]
[White "Kobalia, Mikhail"]
[Black "Derjabin, Ilja"]
[Result "1-0"]
[WhiteTitle "GM"]
[BlackTitle "IM"]
[WhiteElo "2596"]
[BlackElo "2360"]
[WhiteFideId "4119150"]
[BlackFideId "14104768"]
[EventDate "2017.10.02"]
[EventType "blitz"]

1. e4 e6 2. d3 d5 3. Nd2 c5 4. Ngf3 Nc6 5. g3 Nf6 6. Bg2 dxe4 7. dxe4 Be7 8. O-O
e5 9. c3 O-O 10. Qe2 b6 11. Rd1 Qc7 12. Nf1 Rd8 13. Bg5 h6 14. Bxf6 Bxf6 15. Ne3
Rxd1+ 16. Rxd1 Be6 17. Nd5 Qc8 18. Nxf6+ gxf6 19. Nh4 Ne7 20. Rd6 Qc7 21. Qd2
Kg7 22. Nf5+ Bxf5 23. exf5 Re8 24. Be4 Ng8 25. Rd7 Qb8 26. Rb7 Qd8 27. Qxd8 Rxd8
28. Rxa7 Rd2 29. a4 h5 30. b4 cxb4 31. cxb4 Rd4 32. f3 Rxb4 33. Bd5 Nh6 34. Be4
Rd4 35. h4 Ng8 36. Kf2 Rb4 37. Ke3 Rb3+ 38. Kd2 Kf8 39. Bd5 Rb4 40. Rxf7+ Ke8
41. Be6 Ne7 42. Rxf6 Nc6 43. Bf7+ Kd7 44. Be8+ Kxe8 45. Rxc6 Rxa4 46. Rxb6 Kf7
47. Ke3 Ra1 48. Re6 Ra3+ 49. Ke4 Ra1 50. Rxe5 Kf6 51. Re6+ Kf7 52. Kf4 Rg1 53.
Rh6 Kg7 54. Rxh5 Ra1 55. Rg5+ Kh6 56. Rg6+ Kh7 57. Rc6 Ra7 58. g4 Kg8 59. g5 Ra5
60. f6 Ra6 61. Rxa6 1-0